000
00311nam a22001457a 4500
008
221202b ||||| |||| 00| 0 eng d
020
_a
9780895828842
041
_a
eng
080
_a
611
082
_a
611BOW
100
_a
10
101
_a
ANATO
245
_a
SKELETAL MUSCLES
_c
BOWDEN S B
942
_2
udc
_c
BK
999
_c
59072
_d
59072